Strukturální dynamika spotřeby domácností v České republice
Vyhodnotenie vývoja makroekonomickej kategórie spotrebných výdavkov domácností v Českej republike za obdobie rokov 1996-2009.
Na minha lista:
| Autor principal: | |
|---|---|
| Formato: | Capítulo de Livro |
| Idioma: | tcheco |
| Assuntos: | |
| Tags: |
Sem tags, seja o primeiro a adicionar uma tag!
|
MARC
| LEADER | 00000naa a2200000 4500 | ||
|---|---|---|---|
| 001 | 0161108 | ||
| 005 | 20220714120632.3 | ||
| 041 | 0 | |a cze | |
| 044 | |a CZ | ||
| 245 | 1 | 0 | |a Strukturální dynamika spotřeby domácností v České republice |c Ladislav Stejskal |
| 520 | |a Vyhodnotenie vývoja makroekonomickej kategórie spotrebných výdavkov domácností v Českej republike za obdobie rokov 1996-2009. | ||
| 610 | 2 | 0 | |a Česko |
| 610 | 2 | 0 | |a ukazovatele ekonomické |
| 610 | 2 | 0 | |a rozvoj hospodársky |
| 610 | 2 | 0 | |a spotreba domácností |
| 100 | 1 | |a Stejskal, Ladislav | |